| 000 | 00573nam a22001817a 4500 | ||
|---|---|---|---|
| 005 | 20250604145315.0 | ||
| 010 | _aENG-145191 | ||
| 020 |
_a9788126921188 _c895.00 |
||
| 035 | _aEN-128723 | ||
| 037 | _bDBAD | ||
| 082 | 1 | 4 | _a954.05 |
| 100 |
_aPuranik, Rajnikant _981665 |
||
| 245 | 1 |
_aFoundation Of Miser: _bBlunders of The Nehruvian Era/ _cRajnikant Puranik |
|
| 260 |
_aNew Delhi _bAtlantic publishers _c2016 |
||
| 270 |
_a7/22, Ansari road,Daryaganj _bNew Delhi _e110002 |
||
| 300 |
_axiii, 457p. _c22 cm. (Hb) |
||
| 942 |
_adpl _cEN _2ddc _h954.05 _mPUR |
||
| 999 |
_c211587 _d211587 |
||